ბათუმის შოთა რუსთაველის სახელმწიფო უნივერსიტეტის ბიბლიოთეკა

ღია ეკონომიკის რეგულირების პრობლემები გლობალიზაციის პირობებში : (ბიბ.ჩანაწერი № 59278)

000 -ლიდერი
ფიქსირებული სიგრძის საკონტროლო ველი 01281nam a22002297a 4500
003 - საკონტროლო ნომრის იდენტიფიკატორი
საკონტროლო ველი Ge_BSU
005 - ბოლო ოპერაციის თარიღი და დრო
საკონტროლო ველი 20221229112656.0
008 - ფიქსირებული სიგრძის მონაცემთა ელემენტები - ზოგადი ინფორმაცია
ფიქსირებული სიგრძის საკონტროლო ველი 221229s2022ge xxu||||| |||| 00| 0 geo d
020 ## - წიგნის საერთაშორისო სტანდარტული ნომერი
International Standard Book Number 9789941334030
041 ## - ენის კოდი
Language code of text/sound track or separate title geo
080 ## - უნივერსალური ათობითი კლასიფიკაციის ინდექსი
Universal Decimal Classification number 005.44+338.2(479/22)+339.56(479.22) ქ-16
100 ## - მთავარი ჩანაწერი - პიროვნების სახელი
Personal name ქათამაძე, დავით
9 (RLIN) 2027
245 ## - ცნობა სათაურის შესახებ
Title ღია ეკონომიკის რეგულირების პრობლემები გლობალიზაციის პირობებში :
Remainder of title მონოგრაფია /
Statement of responsibility, etc დავით ქათამაძე, გულიკო ქათამაძე, რედ. ბადრი გეჩბაია
264 ## - წარმოების, გამოცემის, დისტრიბუციის და სხვა ცნობები
გამოცემის, წარმოების, დისტრიბუციის... ადგილი თბილისი :
გამოცემის, წარმოების, დისტრიბუციის... სახელწოდება უნივერსალი,
გამოცემის, წარმოების, დისტრიბუციის... თარიღი 2022.
300 ## - ფიზიკური აღწერა
Extent 305 გვ.:
Other physical details 20 სმ.
653 ## - INDEX TERM--UNCONTROLLED
Uncontrolled term ღია ეკონომიკის რეგულირების პრობლემები გლობალიზაციის პირობებში :
653 ## - INDEX TERM--UNCONTROLLED
Uncontrolled term მენეჯმენტი
653 ## - INDEX TERM--UNCONTROLLED
Uncontrolled term ეკონომიკა
700 ## - ADDED ENTRY--PERSONAL NAME
Personal name ქათამაძე, გულიკო
9 (RLIN) 2028
700 ## - ADDED ENTRY--PERSONAL NAME
Personal name გეჩბაია, ბადრი
Relator term რედაქტორი
9 (RLIN) 16620
942 ## - ADDED ENTRY ELEMENTS (KOHA)
Source of classification or shelving scheme
Koha item type წიგნი
ეგზემპლარები
ჩამოწერის სტატუსი დაკარგული ეგზემპლარის სტატუსი კლასიფიკაციის წყარო ან თაროზე გაწყობის სქემა დაზიანების სტატუსი არ გაიცემა მუდმივი მდებარეობა (დაცვის ადგილი) ამჟამინდელი ადგილსამყოფელი თაროზე განთავსების ადგილი შეძენის თარიღი ღირებულება, შესყიდვის ნორმალური ფასი სრული შენახვის შიფრი შტრიხკოდი ბოლო ოპერაციის თარიღი ეგზემპლარის მიმდევრობითი ნომერი (კეტერი?) ფასის ძალაში შესვლის თარიღი ეგზემპლარის სახეობა საჯარო შენიშვნა
          ბათუმის შოთა რუსთაველის სახელმწიფო უნივერსიტეტის მთავარი ბიბლიოთეკა ბათუმის შოთა რუსთაველის სახელმწიფო უნივერსიტეტის მთავარი ბიბლიოთეკა წიგნსაცავი 2022-12-29 13.00 005.44+338.2(479/22)+339.56(479.22) ქ-16 63421 2022-12-29 63421 2022-12-29 წიგნი 13.00
          ბათუმის შოთა რუსთაველის სახელმწიფო უნივერსიტეტის მთავარი ბიბლიოთეკა ბათუმის შოთა რუსთაველის სახელმწიფო უნივერსიტეტის მთავარი ბიბლიოთეკა წიგნსაცავი 2022-12-29 13.00 005.44+338.2(479/22)+339.56(479.22) ქ-16 63422 2022-12-29 63422 2022-12-29 წიგნი 13.00